Statistics: Theory and practice (Record no. 1341336)

MARC details
000 -LEADER
fixed length control field 00561nam a2200205Ia 4500
005 - DATE AND TIME OF LATEST TRANSACTION
control field 20250508153222.0
008 - FIXED-LENGTH DATA ELEMENTS--GENERAL INFORMATION
fixed length control field 008 250505s9999 xx 000 0 eng d
037 ## - SOURCE OF ACQUISITION
Stock number Textual
040 ## - CATALOGING SOURCE
Original cataloging agency FEDL
Language of cataloging eng
Transcribing agency FEDL
041 ## - LANGUAGE CODE
Language code of text/sound track or separate title eng
Source of code eng
084 ## - COLON CLASSIFICATION NUMBER
Classification number 311, GHO
Assigning agency FEDL
100 ## - MAIN ENTRY--PERSONAL NAME
Personal name Ghosh M.K.
9 (RLIN) 299070
245 #0 - TITLE STATEMENT
Title Statistics: Theory and practice
250 ## - EDITION STATEMENT
Edition statement 9
260 ## - PUBLICATION, DISTRIBUTION, ETC.
Place of publication, distribution, etc. Allahabad, India
Name of publisher, distributor, etc. The Indian Press Pvt. Ltd.
Date of publication, distribution, etc. 1962
300 ## - PHYSICAL DESCRIPTION
Extent 624p
700 ## - ADDED ENTRY--PERSONAL NAME
Personal name Chaudhri S. C.
9 (RLIN) 763439
942 ## - ADDED ENTRY ELEMENTS (KOHA)
Koha item type Textual
Classification part 311, GHO
Holdings
Withdrawn status Lost status Damaged status Not for loan Home library Current library Date acquired Total Checkouts Full call number Barcode Date last seen Price effective from Koha item type
        Department of Education Library Department of Education Library 2025-05-08   311, GHO EL0024177 2025-05-08 2025-05-08 Textual
Copyright @ Delhi University Library System